=LDR 00000nam 2200000 4500 =001 INLIS000000000007599 =005 20130612095555 =008 ***********************************Ind** =035 ##$$0010-061300000007599 =041 ##$$a Ind =082 ##$$a 959.8 =090 ##$$a 959.8, Pri s =100 ##$$a PRINGGODIGDO, A.K =245 ##$$a Sejarah pergerakan rakyat Indonesia, AK. Pringgodigdo =260 ##$$a 1986 $b Jakarta =300 ##$$a xiii, 219 hlm., ilus.18 cm =650 ##$$a Indonesia - Sejarah